00280nam a22001217a 4500003000400000020001800004082001800022100002100040245002900061250001200090260004800102300000800150SGT a9788181915337 a617.643bt21s aSankar, Gowri S. aTextbook of Orthodontics a2nd Ed. aHyderabad, IndiabParas Medical Pub. c2021 a857